000 00955nam a2200313 a 4500
001 ASIN1850658617
005 20170105102852.0
008 130821s2006 xxu eng d
020 _a1850658617 (hardcover)
020 _a9781850658610 (hardcover)
040 _a0
050 0 4 _aHV6431
082 0 4 _a303.625091767
100 1 _aNasiri, Omar.
245 1 0 _aInside the global jihad. how I infiltrated al qaeda and was abandoned by western intelligence. /
_cOmar Nasiri.
260 _a[S.l.] :
_bC. Hurst & Co Publishers,
_c2006.
300 _a320 p. ;
_c24 cm.
500 _aImport.
650 0 _aAfghanistan
650 0 _aInfiltration (Military science)
650 0 _aJihad
650 0 _aMilitary training camps
650 0 _aNasiri, Omar
650 0 _aQaida (Organization)
650 0 _aSpies
650 0 _aTerrorism
856 4 0 _3Amazon.com
_uhttp://www.amazon.com/exec/obidos/ASIN/1850658617/chopaconline-20
942 _2ddc
_cBK
999 _c14310
_d14310